000 00739nam a22002417a 4500
003 DO-SdBNP
005 20240726103606.0
008 210415b2014 dr | 00| 0 spa d
020 _a9789945589320
040 _aBPMSU
_bspa
_cBPMSU
082 4 _aRD863.44
_bM663s 2014
_222
100 1 _aMinaya, Ligia
245 1 0 _aSi cayese la ausencia /
_cLigia Minaya Belliar ;
250 _a2a. ed.
260 _aSanto Domingo :
_bEditorial Santuario
_c2014
300 _a131p. ;
_c23 cm
500 _aIncluyes datos bibliográfico de la autora en la solapa de la cubierta
590 _aInventario, 2024/VM
650 4 _aNovela dominicana
650 4 _aLiteratura dominicana
910 _aVMateo V. Control de calidad. BPMSU
942 _2ddc
_cBK
999 _c13423
_d13423